Geology of the Crowsnest coal basin, (Record no. 28827)
[ view plain ]
| 000 -LEADER | |
|---|---|
| fixed length control field | 01022cam a22002891a 4500 |
| 001 - CONTROL NUMBER | |
| control field | gs 54000048 |
| 003 - CONTROL NUMBER IDENTIFIER | |
| control field | DLC |
| 005 - DATE AND TIME OF LATEST TRANSACTION | |
| control field | 20260227111401.0 |
| 008 - FIXED-LENGTH DATA ELEMENTS--GENERAL INFORMATION | |
| fixed length control field | 850614s1953 bccab b s000 0 eng c |
| 010 ## - LIBRARY OF CONGRESS CONTROL NUMBER | |
| LC control number | gs 54000048 |
| 035 ## - SYSTEM CONTROL NUMBER | |
| System control number | (OCoLC)12158825 |
| 040 ## - CATALOGING SOURCE | |
| Original cataloging agency | U.S. Geol. Survey. Lib. |
| Transcribing agency | WaChenE |
| Modifying agency | WaChenE |
| -- | OCoLC |
| -- | DLC |
| 042 ## - AUTHENTICATION CODE | |
| Authentication code | premarc |
| 043 ## - GEOGRAPHIC AREA CODE | |
| Geographic area code | n-cn-bc |
| 050 00 - LIBRARY OF CONGRESS CALL NUMBER | |
| Classification number | TN27 |
| Item number | .B72 no. 33 |
| 082 ## - DEWEY DECIMAL CLASSIFICATION NUMBER | |
| Classification number | 557.11 |
| 100 1# - MAIN ENTRY--PERSONAL NAME | |
| Personal name | Newmarch, Charles Bell. |
| 245 10 - TITLE STATEMENT | |
| Title | Geology of the Crowsnest coal basin, |
| Remainder of title | with special reference to the Fernie area. |
| 260 ## - PUBLICATION, DISTRIBUTION, ETC. | |
| Place of publication, distribution, etc. | Victoria, |
| Name of publisher, distributor, etc. | D. McDiarmid, Printer to the Queen, |
| Date of publication, distribution, etc. | 1953. |
| 300 ## - PHYSICAL DESCRIPTION | |
| Extent | iv, 107 p. |
| Other physical details | illus., maps (part fold.) |
| Dimensions | 27 cm. |
| 490 1# - SERIES STATEMENT | |
| Series statement | Bulletin ; |
| Volume/sequential designation | no. 33 |
| 500 ## - GENERAL NOTE | |
| General note | At head of title: British Columbia Department of Mines. |
| 504 ## - BIBLIOGRAPHY, ETC. NOTE | |
| Bibliography, etc. note | Bibliography: p. 101-107. |
| 650 #0 - SUBJECT ADDED ENTRY--TOPICAL TERM | |
| Topical term or geographic name entry element | Geology |
| Geographic subdivision | British Columbia |
| -- | Kootenay (District) |
| 710 1# - ADDED ENTRY--CORPORATE NAME | |
| Corporate name or jurisdiction name as entry element | British Columbia. |
| Date of meeting or treaty signing | Dept. of Mines. |
| 830 #0 - SERIES ADDED ENTRY--UNIFORM TITLE | |
| Uniform title | Bulletin (British Columbia. Department of Mines) ; |
| Volume/sequential designation | no. 33. |
No items available.